000 00310nam a22001457a 4500
003 SGT
020 _a978-93-85005-57-2
082 _a615.53
_bN18W
100 _aBAIBHAW,AMIT
245 _aNADI PRAKASH
260 _aVARANASI
_bCHAUKHAMBA PUB
_c2016
300 _a51
650 _aAYURVEDA
942 _2ddc
_cBK
_01
999 _c16585
_d16585